Famous NGOs - Statistics

General Stats
  • This quiz has been taken 16 times
  • The average score is 6 of 13
Answer Stats
Hint Country Answer % Correct
Humanitarian aid Switzerland International Red Cross and Red Crescent Movement
92%
Advocacy/Watchdog UK Amnesty International (AI)
77%
Environment Netherlands Greenpeace
77%
Children USA United Nations Children's Fund (UNICEF)
62%
Humanitarian aid UK Oxfam
46%
Animal rights USA People for the Ethical Treatment of Animals (PETA)
46%
Environment Switzerland World Wildlife Fund (WWF)
46%
Humanitarian aid France Doctors without Borders (MSF)
31%
Advocacy/Watchdog Germany Transparency International
31%
Advocacy/Watchdog USA American Civil Liberties Union (ACLU)
23%
Advocacy/Watchdog USA Human Rights Watch (HRW)
15%
Humanitarian aid Switzerland CARE International
8%
Advocacy/Watchdog France Reporters Without Borders (RSF)
8%
No matching quizzes found
Score Distribution
Percent of People with Each Score
Percentile by Number Answered
Your Score History
You have not taken this quiz